LEADER 01084nam0-22003491i-450- 001 990004077550403321 005 20060216140050.0 010 $a3-406-32911-X 035 $a000407755 035 $aFED01000407755 035 $a(Aleph)000407755FED01 035 $a000407755 100 $a19990604d1988----km-y0itay50------ba 101 0 $ager 105 $aaf------00-y- 200 1 $aKLASSISCHE Grabdenkmäler und Votivreliefs$fbearbeitet von Barbara Vierneisel-Schlörb 210 $aMünchen$cBeck$d1988. 215 $aVIII, 239 p., 63 tav.$cill.$d28 cm 225 1 $aGlyptothek München$eKatalog der Skulpturen$v3 610 0 $aScultura greca$aCataloghi 610 0 $aArchitettura funeraria$aGrecia antica 610 0 $aM 676 $a733.30938$v21$zita 676 $a726.8$v21$zita 702 1$aVierneisel-Schlörb,$bBarbara 801 0$aIT$bUNINA$gRICA$2UNIMARC 901 $aBK 912 $a990004077550403321 952 $a733.3 CATALOGHI 2 (3)$bBibl.25494$fFLFBC 959 $aFLFBC 996 $aKLASSISCHE Grabdenkmäler und Votivreliefs$9478656 997 $aUNINA LEADER 01445nam0-2200385li-450 001 990000136050203316 005 20180312154649.0 035 $a0013605 035 $aUSA010013605 035 $a(ALEPH)000013605USA01 035 $a0013605 100 $a20001109d1974----km-y0itay0103----ba 101 0 $aeng 102 $aGW 200 1 $aIntroduction to the theory and application of the Laplace trasformation ... and a Table of Laplace trasforms$fGustav Doetsch$gtraslation by Walter Nader 210 $aBerlin [etc.]$cSpringer-Verlag$d1974 215 $aVII, 326 p.$cill.$d24 cm. 312 $aTrad. di: einführung in theorie und anwendung der laplace-transformation 312 $aTrad. di: Einführung in Theorie und Anwendung der Laplace-Trasformation 454 0$12001$aEinführung in Theorie und Anwendung der Laplace-Trasformation$91486757 610 1 $afrechet, algebra di 676 $a515723$9Coniugate (Operatori integrali) 700 1$aDoetsch,$bGustav$0659 702 1$aNader,$bWalter 801 $aSistema bibliotecario di Ateneo dell' Università di Salerno$gRICA 912 $a990000136050203316 951 $a515.723 DOE$b0026183 959 $aBK 969 $aTEC 979 $c19891024 979 $c20001110$lUSA01$h1711 979 $c20020403$lUSA01$h1621 979 $aPATRY$b90$c20040406$lUSA01$h1610 996 $aEinführung in Theorie und Anwendung der Laplace-Trasformation$91486757 997 $aUNISA LEADER 01432nam--2200445---450- 001 990002943180203316 005 20080129084113.0 010 $a978-88-420-7482-3 035 $a000294318 035 $aUSA01000294318 035 $a(ALEPH)000294318USA01 035 $a000294318 100 $a20070612d2007----km-y0itay50------ba 101 1 $aita$ceng 102 $aIT 105 $ay|||||||001yy 200 1 $a<> concetto di mente$fGilbert Ryle$gprefazione di Daniel C. Dennett$g[traduzione di Gianfranco Pellegrino] 210 $aRoma [etc.]$cGLF editori Laterza$d2007 215 $aXVIII, 327 p.$d21 cm 225 2 $aBiblioteca universale Laterza$v601 410 0$12001$aBiblioteca universale Laterza 454 1$12001$a<> concept of mind$931716 606 0 $aMente 606 0 $aMente e corpo 676 $a128.2 700 1$aRYLE,$bGilbert$051132 702 1$aDENNETT,$bDaniel C. 702 1$aPELLEGRINO,$bGianfranco$f<1972- > 801 0$aIT$bsalbc$gISBD 912 $a990002943180203316 951 $aII.1.D. 4402$b199219 L.M.$cII.1.$d00159589 959 $aBK 969 $aUMA 979 $aANNAMARIA$b90$c20070612$lUSA01$h1044 979 $aANNAMARIA$b90$c20070612$lUSA01$h1050 979 $aANNAMARIA$b90$c20070612$lUSA01$h1133 979 $aANNAMARIA$b90$c20070612$lUSA01$h1202 979 $aANNAMARIA$b90$c20080129$lUSA01$h0841 996 $aConcept of mind$931716 997 $aUNISA